Andy Griffith Show Trivia - Statistics

General Stats
  • This quiz has been taken 78 times
  • The average score is 6 of 9
Answer Stats
Hint Answer % Correct
Town Sherrif? Andy Taylor
97%
His son? Opie Taylor
95%
His Deputy? Barney Fife
94%
Town? Mayberry
92%
Deputy's Girlfriend? Thelma Lou
71%
Who does the Sheriff marry? Helen Crump
70%
Sheriff's Aunt? Beatrice Taylor
48%
Town Drunk? Otis Cambell
44%
Sheriff's first girlfriend? Ellie Walker
36%
No matching quizzes found
Score Distribution
Percent of People with Each Score
Percentile by Number Answered
Your Score History
You have not taken this quiz